Management of plantations: A study of rubber (Record no. 45005)

MARC details
000 -LEADER
fixed length control field 00422nam a2200145Ia 4500
082 ## - DEWEY DECIMAL CLASSIFICATION NUMBER
Classification number NR:631.96:65
Item number HAR
100 ## - MAIN ENTRY--AUTHOR NAME
Personal name Haridasan, V
245 #0 - TITLE STATEMENT
Title Management of plantations: A study of rubber
260 ## - PUBLICATION, DISTRIBUTION, ETC. (IMPRINT)
Place of publication Changanacherry
Name of publisher Sreedevi Vidyanagar
650 ## - SUBJECT ADDED ENTRY--TOPICAL TERM
Topical Term Labour welfare
650 ## - SUBJECT ADDED ENTRY--TOPICAL TERM
Topical Term Rubber plantation industry
650 ## - SUBJECT ADDED ENTRY--TOPICAL TERM
Topical Term Rubber plantation management
942 ## - ADDED ENTRY ELEMENTS (KOHA)
Koha item type Books
Holdings
Withdrawn status Lost status Damaged status Not for loan Collection code Home library Current library Date acquired Cost, normal purchase price Full call number Accession Number Koha item type
        Out of station RRII Library RRII Library 16/12/2021 150.00 NR:631.96:65 HAR Z00207 Books